Central Library OPAC University of Rajshahi

অচেনা / (Record no. 47696)

MARC details
000 -LEADER
fixed length control field 00821nam a2200229 a 4500
001 - CONTROL NUMBER
control field 47696
003 - CONTROL NUMBER IDENTIFIER
rucl marc code BD-RjUL
005 - DATE AND TIME OF LATEST TRANSACTION
control field 20211209054355.0
008 - FIXED-LENGTH DATA ELEMENTS--GENERAL INFORMATION
fixed length control field 160810s1969 bg ||||| |||| 00| 0 ben d
035 ## - SYSTEM CONTROL NUMBER
System control number (BD-RjUL)47815
040 ## - CATALOGING SOURCE
Original cataloging agency BD-RjUL
Language of cataloging ben
Transcribing agency BD-RjUL
041 ## - LANGUAGE CODE
Language code of text/sound track or separate title ben
082 ## - DEWEY DECIMAL CLASSIFICATION NUMBER
Edition number 23
Classification number 891.442
Author mark and year CHA 1969
100 ## - MAIN ENTRY--PERSONAL NAME
Personal name চৌধুরী,কবীর
9 (RLIN) 120511
245 ## - TITLE STATEMENT
Title অচেনা /
Statement of responsibility, etc. কবীর চৌধুরী
260 ## - PUBLICATION, DISTRIBUTION, ETC. (IMPRINT)
Place of publication, distribution, etc. ঢাকা :
Name of publisher, distributor, etc. বাঙলা একাডেমী,
Date of publication, distribution, etc. ১৯৬৯
300 ## - PHYSICAL DESCRIPTION
Pagination [১২] ৬৭ পৃ.
Size ২২ সেমি.
500 ## - GENERAL NOTE
General note জে. বি. প্রিস্টলীর ডেঞ্জারাস কর্ণার অবলম্বনে
650 ## - SUBJECT ADDED ENTRY--TOPICAL TERM
Topical term or geographic name as entry element বাংলা নাটক
9 (RLIN) 144894
Topical term or geographic name as entry element Bangla drama
9 (RLIN) 124092
942 ## - ADDED ENTRY ELEMENTS (KOHA)
Source of classification or shelving scheme Dewey Decimal Classification
Koha item type Books
Holdings
Lost status Source of classification or shelving scheme Damaged status Not for loan Collection code Permanent Location Current Location Shelving location Date acquired Source of acquisition Cost, normal purchase price Total Checkouts Full call number Date last seen Copy number Koha item type
  Dewey Decimal Classification     Non-fiction Central Library, University of Rajshahi Central Library, University of Rajshahi   10/06/1990 Shokot usman 2.00   B 891.442 CHA 1969 10/08/2016 C-2 Books
  Dewey Decimal Classification     Non-fiction Central Library, University of Rajshahi Central Library, University of Rajshahi   10/06/1990 Shokot usman 2.00   B 891.442 CHA 1969 10/08/2016 C-3 Books
  Dewey Decimal Classification     Non-fiction Central Library, University of Rajshahi Central Library, University of Rajshahi   10/06/1990 Shokot usman 2.00   B 891.442 CHA 1969 10/08/2016 C-4 Books
  Dewey Decimal Classification     Non-fiction Central Library, University of Rajshahi Central Library, University of Rajshahi   13/01/1975 Bangla acedamy 2.00   B 891.442 CHA 1969 10/08/2016 C-5 Books
  Dewey Decimal Classification     Non-fiction Central Library, University of Rajshahi Central Library, University of Rajshahi   13/01/1975 Bangla acedamy 2.00   B 891.442 CHA 1969 10/08/2016 C-6 Books
  Dewey Decimal Classification     Non-fiction Central Library, University of Rajshahi Central Library, University of Rajshahi   13/01/1975 Bangla acedamy 2.00   B 891.442 CHA 1969 10/08/2016 C-7 Books
  Dewey Decimal Classification     Non-fiction Central Library, University of Rajshahi Central Library, University of Rajshahi   13/01/1975 Bangla acedamy 2.00   B 891.442 CHA 1969 10/08/2016 C-8 Books
  Dewey Decimal Classification     Non-fiction Central Library, University of Rajshahi Central Library, University of Rajshahi   13/01/1975 Bangla acedamy 2.00   B 891.442 CHA 1969 10/08/2016 C-9 Books
  Dewey Decimal Classification     Non-fiction Central Library, University of Rajshahi Central Library, University of Rajshahi   13/01/1975 Bangla acedamy 2.00   B 891.442 CHA 1969 10/08/2016 C-10 Books
  Dewey Decimal Classification   Not For Loan Non-fiction Central Library, University of Rajshahi Central Library, University of Rajshahi Reading Room 13/01/1975 Bangla acedamy 2.00   B 891.442 CHA 1969 10/08/2016 C-1 Books